Logo biblioteca
Santa Fe 2917, Rosario, Santa Fe
Lu-Vi 8 a 19.45
+54-341-4232362
bibliotecaeudoro@gmail.com
Facebook Biblioteca Pedagógica
Sitio web

El libro y su lectura / (Registro nro. 32705)

Detalles MARC
000 -CABECERA
campo fijo de control de longitud 00622nam a2200217 4500
001 - NÚMERO DE CONTROL
campo de control 32705
003 - IDENTIFICADOR DEL NÚMERO DE CONTROL
campo de control AR-RoBPED
005 - FECHA Y HORADE LA ULTIMA TRANSACCION
campo de control 20260508100522.0
008 - ELEMENTOS DE LONGITUD FIJA--INFORMACION GENERAL
campo fijo de control de longitud 260505e1957 ag a|||br|||| 001 0 spa d
040 ## - FUENTE CATALOGADORA
Centro catalogador/agencia de origen AR-RoBPED
041 ## - IDIOMA
Código de idioma para texto/pista de sonido o título independiente spa
100 ## - ENCABEZAMIENTO PRINCIPAL--AUTOR PERSONAL
Nombre de persona Ronco, Amadeo
9 (RLIN) 30867
245 13 - TITULO
Título El libro y su lectura /
Mención de responsabilidad Amadeo Ronco.
260 ## - PUBLICACION
Lugar Buenos Aires:
Editor Kapelusz,
Fecha 1957.
300 ## - DESCRIPCION FISICA
Extensión 224 p.
Otros detalles físicos il.
650 #4 - TERMINO DE MATERIA--CONTROLADO
Término controlado LIBROS DE LECTURA
9 (RLIN) 15325
Término controlado ARCHIVO INFANTIL
9 (RLIN) 24464
Término controlado SEXTO GRADO
9 (RLIN) 1465
942 ## - ELEMENTOS KOHA
Fuente de clasificación Universal Decimal Classification
Número Koha k. 32705
Koha tipo de ítem Libro
Clasificación 372.4
Pre signatura IA
Signatura librística R 82
N° inventario inv. 42433
945 ## - PROCESAMIENTO DE LA INFORMACIÓN LOCAL
Catalogador y fecha mm 05/05/2026 - cd 06/05/2026
Existencias
Estado retirado Estado perdido Fuente de clasificación Estado dañado No se presta Biblioteca propietaria Biblioteca de reserva Fecha de adquisición Procedencia Total de préstamos Signatura topográfica completa Código de barras (nº de inventario) Fecha visto por última vez Catalogador y fecha Tipo de ítem Koha Nota pública
    Universal Decimal Classification   No se presta Biblioteca Pedagógica Eudoro Díaz Biblioteca Pedagógica Eudoro Díaz 05/05/2026 donación   IA 372.4 R 82 42433 05/05/2026 mm 05/05/2026 Libro No se presta a domicilio.